00877nam a2200217 a 450000100100000000500170001000800410002702000150006804000250008308200140010824501450012226000370026730000280030450000730033259000270040570000210043270000360045370000410048995201120053099900170064200004249120201002040204.0131204s1989 sp 000 0 spa d a8483691490 aDO-SdBNPbspacBNPHU axxxxbxxx00aAlcance y Legado de la Revolución Francesa /ccompilador José Villaverde ; R. Barny ... [et al.] ; traducción de Asunción Lasaosa ;. aMadrid :bPablo Iglesias,c1989. axviii, 212 p. ;c21 cm. aIncluye referencias bibliográficas y notas al pie de las páginas aInventariado, 2019/ YL1 aBarny, R.9696851 aLasaosa, Asunciónetr.9696861 aValverde, María Joséeed.969687 001050718MOaGRbGRcCTd2013-12-04iLF1l0oxxxx xxxp42491-10r2020-06-25w2020-06-25y1ZNo se presta c41980d41980